=LDR 00000nam 2200000 4500 =001 INLIS000000000026311 =005 20130612124748 =008 ***********************************Ind** =035 ##$$0010-061300000026311 =041 ##$$a Ind =082 ##$$a 537 =090 ##$$a 537, Dam f =100 ##$$a Damari, Ari =245 ##$$a Fokus, Listrik-Magnet, Teori singkat dan soal siap ULUM, EBTANAS =250 ##$$a Fisika seri 6 =260 ##$$a 1998 $b Surabaya =300 ##$$a v, 144 hlm, ilus, 27 cm =650 ##$$a Fisika Modern =850 ##$$a NBPNMAT